000
00178nam a22000977a 4500
020
_a
9781405213912
082
_a
823
_b
BAR
245
_a
Barbie
563
_a
HB
942
_2
ddc
_c
BK
999
_c
614919
_d
614919